书目信息 |
| 题名: |
大江之上
|
|
| 作者: | 章剑华 著 | |
| 分册: | ||
| 出版信息: | 南京 江苏人民出版社 2019.10 |
|
| 页数: | 482页 | |
| 开本: | 24cm | |
| 丛书名: | ||
| 单 册: | ||
| 中图分类: | I253.7 | |
| 科图分类: | ||
| 主题词: | 纪实文学--ji shi wen xue--中国--当代 | |
| 电子资源: | ||
| ISBN: | 978-7-214-16787-3 | |
| 000 | 01126nam0 2200265 450 | |
| 001 | 2069752525 | |
| 005 | 20201106192240.09 | |
| 010 | @a978-7-214-16787-3@dCNY78.00 | |
| 100 | @a20191022d2019 em y0chiy50 ea | |
| 101 | 0 | @achi |
| 102 | @aCN@b320000 | |
| 105 | @aa a 000zy | |
| 200 | 1 | @a大江之上@Ada jiang zhi shang@d= Above the great river@e长江大桥建设三部曲@f章剑华著@zeng |
| 210 | @a南京@c江苏人民出版社@d2019.10 | |
| 215 | @a482页@c图 (部分彩图)@d24cm | |
| 300 | @a长篇纪实文学 | |
| 320 | @a有书目 (第477-478页) | |
| 330 | @a本书通过回溯新中国不同时期建设武汉长江大桥、南京长江大桥及江阴长江大桥等长江大桥的历史, 凸显背后的大国工业进步及民族复兴光辉历程, 用大桥建设故事, 描述新中国成立以来工业和交通系统取得的巨大成就, 讴歌一代代祖国建设者挥洒汗水与智慧的奋斗精神, 进一步激发人们建设社会主义强国的豪迈热情。 | |
| 510 | 1 | @aAbove the great river@zeng |
| 517 | 1 | @a长江大桥建设三部曲@Achang jiang da qiao jian she san bu qu |
| 606 | 0 | @a纪实文学@Aji shi wen xue@y中国@z当代 |
| 690 | @aI253.7@v5 | |
| 701 | 0 | @a章剑华@Azhang jian hua@4著 |
| 801 | 0 | @aCN@b人天书店@c20201003 |
| 905 | @aZUCC@dI253.7@eZ263 | |
| 大江之上= Above the great river:长江大桥建设三部曲/章剑华著.-南京:江苏人民出版社,2019.10 |
| 482页:图 (部分彩图);24cm |
| 长篇纪实文学 |
| ISBN 978-7-214-16787-3:CNY78.00 |
| 本书通过回溯新中国不同时期建设武汉长江大桥、南京长江大桥及江阴长江大桥等长江大桥的历史, 凸显背后的大国工业进步及民族复兴光辉历程, 用大桥建设故事, 描述新中国成立以来工业和交通系统取得的巨大成就, 讴歌一代代祖国建设者挥洒汗水与智慧的奋斗精神, 进一步激发人们建设社会主义强国的豪迈热情。 |
| ● |
| 相关链接 |
|
|
|
正题名:大江之上
索取号:I253.7/Z263
 
预约/预借
| 序号 | 登录号 | 条形码 | 馆藏地/架位号 | 状态 | 备注 |
| 1 | 1483715 | 214837159 | 文学库108/108文学库 68排10列4层/ [索取号:I253.7/Z263] | 在馆 | |
| 2 | 1483716 | 214837168 | 文学库108/108文学库 68排10列4层/ [索取号:I253.7/Z263] | 在馆 | |
| 3 | 1483717 | 214837177 | 文学库108/108文学库 68排10列4层/ [索取号:I253.7/Z263] | 在馆 |